000 01078nam a2200193Ia 4500
003 Ost
005 20260507075552.0
008 260507s9999||||xx |||||||||||||| ||und||
040 _cfsecg
041 _aara
082 _a380.1
100 _aأبو قحف،عبد السلام
_eمؤلف
245 0 _aمبادئ التسويق /
_cعبد السلام أبو قحف
260 _aالاسكندرية:
_bالدار الجامعية,
_c2005
300 _a531 صفحة؛
_bإيضاحات ؛
_c24 سم
520 _aتطور التسويق و الأهمية النسبية له و طبيعة النشاط التسويقي و البيئة التسويقية و نظام المعلومات التسويقية كما تم التطرق الى بحوث التسويق مع تناول دراسة سلوك المستهلك و القطاعات السوقية و كذا مقدمات أسايبة حول المزيج و السلعة و التسعير و المكان قنوات التوزيع و اخيرا المزيج الترويجي.
653 _aالتسويق
942 _cكتاب
999 _c44926
_d44926